000
00283 a2200109 4500
001
ART_7220
005
20260410161623.0
008
260409a
245
1
0
_a
Aportes irrevocables
100
1
_a
Piñeiro, Horacio
773
0
_t
Enfoques
_g
- Nº 9 (sep. 2011)
_w
REV416
999
_c
11722
_d
11722